| 000 | 01188nam0a2200313 4500 | ||
|---|---|---|---|
| 001 | RU\NLR\bibl\184869 | ||
| 005 | 20250618064036.0 | ||
| 010 |
_a5-93899-011-7 _92000 |
||
| 021 |
_aRU _b2001-726 _936 |
||
| 035 | _a(NLR Aleph) 000181449 | ||
| 090 |
_a1047615 _c1047615 |
||
| 100 | _a20010920d2000 |||y0rusy50 ca | ||
| 101 | 0 |
_arus _aeng |
|
| 102 | _aRU | ||
| 105 | _aac ||||||||| | ||
| 200 | 1 |
_aЗолотые страницы Южного Урала. Челябинская область _e[Справ. _fПодгот.: М.В. Лопатина и др.] |
|
| 210 |
_aЕкатеринбург _cУРСИБ _d2000 |
||
| 215 |
_a415 с. _cцв. ил., портр. _d29 |
||
| 300 | _aТекст парал. на рус. и англ. яз. | ||
| 320 | _aАлф. указ.: с. 412-415 | ||
| 517 | 0 | _aЧелябинская область | |
| 607 |
_aЧелябинская область _jСправочники _xНародное хозяйство _91596504 _3RU\NLR\auth\66702250 |
||
| 686 | _aУ03(2Р-4Че)74я2 | ||
| 702 | 1 |
_aЛопатина _bМ. В. _4220 |
|
| 801 | 0 |
_aRU _bNLR _c20010920 _gPSBO |
|
| 801 | 1 |
_aRU _bNLR _c20010920 |
|
| 942 | _cBOOK | ||
| 980 | _aNB | ||